[Event "Caribean-chT Rapid 24th"]
[Site "San Salvador"]
[Date "2023.07.05"]
[Round "15.1"]
[White "Alvarez Gutierrez, Patricia"]
[Black "Viana, Valeria"]
[Result "0-1"]
[WhiteElo "1619"]
[BlackElo "1495"]
[PlyCount "54"]
[EventDate "2023.07.03"]
[EventType "tourn (rapid)"]
[EventRounds "15"]
[EventCountry "ESA"]
[SourceTitle "CBM 215 Extra"]
[Source "ChessBase"]
[SourceDate "2023.09.30"]
[SourceVersion "1"]
[SourceVersionDate "2023.09.30"]
[SourceQuality "1"]
[WhiteTeam "Nicaragua"]
[BlackTeam "Honduras"]
[WhiteTeamCountry "NCA"]
[BlackTeamCountry "HON"]

1. Nf3 Nc6 2. d4 d5 3. c4 Bf5 4. Nc3 Nf6 5. cxd5 Nxd5 6. e4 Nxc3 7. bxc3 Bxe4 8. Bc4 e6 9. 0-0 Be7 10. Re1 Bd5 11. Bd3 0-0 12. Ne5 Nxe5 13. Rxe5 Bf6 14. Rh5 g6 15. Qg4 Bg7 16. Rh3 f5 17. Qg3 Rf7 18. Bf4 c5 19. Be5 cxd4 20. cxd4 Rc8 21. Bxg7 Kxg7 22. Qe3 f4 23. Qe2 Qg5 24. Be4 f3 25. Bxf3 Bxf3 26. Rxf3 Rxf3 27. Qxf3 Rc1+ 0-1

[Event "Olympiad Women-44"]
[Site "Chennai"]
[Date "2022.08.01"]
[Round "4.3"]
[White "Alvarez Gutierrez, Patricia"]
[Black "Seder, Randa"]
[Result "1-0"]
[WhiteElo "1715"]
[BlackElo "1442"]
[PlyCount "133"]
[EventDate "2022.07.29"]
[EventType "team-swiss"]
[EventRounds "11"]
[EventCountry "IND"]
[SourceTitle "CBM 210"]
[Source "ChessBase"]
[SourceDate "2022.10.31"]
[SourceVersion "1"]
[SourceVersionDate "2022.10.31"]
[SourceQuality "1"]
[WhiteTeam "Nicaragua (W)"]
[BlackTeam "Palestine (W)"]
[WhiteTeamCountry "NCA"]
[BlackTeamCountry "PLE"]

1. d4 Nf6 2. Bf4 d5 3. e3 Bf5 4. c4 c6 5. Nc3 g6 6. Qb3 e6 7. Qxb7 Nbd7 8. Qxc6 Rc8 9. Qa4 Qb6 10. Nb5 a6 11. c5 axb5 12. Bxb5 Bxc5 13. dxc5 Rxc5 14. Bxd7+ Nxd7 15. Qa8+ Qd8 16. Qxd8+ Kxd8 17. Ne2 Rc2 18. Nd4 Rxb2 19. Nc6+ Ke8 20. 0-0 Rc2 21. Rfc1 f6 22. Rxc2 Bxc2 23. Nd4 Bf5 24. Nxf5 gxf5 25. Bd6 Kf7 26. a4 Ra8 27. a5 e5 28. g3 Ke6 29. Bb4 Nb8 30. Bd2 Nc6 31. Kg2 d4 32. exd4 Nxd4 33. Ra4 Nb3 34. Bb4 Kd5 35. a6 Nd4 36. Be7 Ke6 37. Bc5 Nc6 38. Bb6 Kd7 39. a7 Kc8 40. Be3 Kb7 41. Kh3 Nxa7 42. Rxa7+ Rxa7 43. Bxa7 Kxa7 44. Kh4 e4 45. Kh5 Kb6 46. Kh6 Kc5 47. Kxh7 Kd5 48. Kg6 Ke6 49. h4 Ke5 50. h5 f4 51. gxf4+ Kxf4 52. h6 Kf3 53. h7 Kxf2 54. h8Q e3 55. Qxf6+ Ke1 56. Qc3+ Kf2 57. Qd4 Kf3 58. Kg5 e2 59. Qf4+ Kg2 60. Qe3 Kf1 61. Qf3+ Ke1 62. Kf4 Kd2 63. Qe3+ Kd1 64. Qd3+ Ke1 65. Kf3 Kf1 66. Qxe2+ Kg1 67. Qg2# 1-0

[Event "NCA-ch (Women)"]
[Site "Managua"]
[Date "2022.04.03"]
[Round "2"]
[White "Alvarez Gutierrez, Patricia"]
[Black "Serrano Herrera, Daniela de Andrea"]
[Result "1-0"]
[WhiteElo "1692"]
[BlackElo "1338"]
[PlyCount "71"]
[EventDate "2022.04.02"]
[EventType "swiss"]
[EventRounds "9"]
[EventCountry "NCA"]
[SourceTitle "EXT 2023"]
[Source "ChessBase"]
[SourceDate "2022.10.05"]
[SourceVersion "1"]
[SourceVersionDate "2022.10.05"]
[SourceQuality "1"]

1. d4 d5 2. c4 Nf6 3. cxd5 Nxd5 4. e4 Nf6 5. e5 Nd5 6. Bc4 e6 7. Nf3 c5 8. 0-0 Nc6 9. Re1 Be7 10. Nc3 a6 11. Bxd5 exd5 12. dxc5 Bxc5 13. Nxd5 0-0 14. Bg5 Ne7 15. Nxe7+ Bxe7 16. Bxe7 Qxe7 17. Qd6 Qe6 18. b3 h6 19. Rac1 Bd7 20. Rc7 Rfd8 21. Rxb7 Qxd6 22. exd6 Bc6 23. Rb6 Rxd6 24. h3 Rg6 25. Nh4 Rf6 26. Rc1 Bb5 27. Rxf6 gxf6 28. Nf5 Kh7 29. Nd6 Kg6 30. Nxb5 axb5 31. Rc5 Rxa2 32. Rxb5 Rb2 33. g4 Kg7 34. Kg2 Kf8 35. b4 Rb3 36. Rb7 1-0

[Event "NCA-chT final"]
[Site "Managua"]
[Date "2021.10.31"]
[Round "9.3"]
[White "Berrios Vanegas, Yanko Antonio"]
[Black "Alvarez Gutierrez, Patricia"]
[Result "0-1"]
[WhiteElo "1446"]
[BlackElo "1645"]
[PlyCount "68"]
[EventDate "2021.10.16"]
[EventType "team-tourn"]
[EventRounds "11"]
[EventCountry "NCA"]
[SourceTitle "EXT 2023"]
[Source "ChessBase"]
[SourceDate "2022.10.05"]
[SourceVersion "1"]
[SourceVersionDate "2022.10.05"]
[SourceQuality "1"]
[WhiteTeam "Torre Fuerte"]
[BlackTeam "Universidad de Ingenieria (W)"]
[WhiteTeamCountry "NCA"]
[BlackTeamCountry "NCA"]

1. e4 e6 2. d4 d5 3. e5 c5 4. c3 Nc6 5. Nf3 Qb6 6. a3 Bd7 7. Be2 cxd4 8. cxd4 Nge7 9. Nc3 Nf5 10. 0-0 Nfxd4 11. Nxd4 Nxd4 12. Re1 Nxe2+ 13. Qxe2 Rc8 14. Bg5 h6 15. Bh4 Rc4 16. Bg3 Be7 17. Kh1 0-0 18. Rad1 Rfc8 19. Nb1 Bh4 20. Bxh4 Rxh4 21. Nc3 Rf4 22. Rd2 a6 23. g3 Rfc4 24. Kg1 Qd8 25. Qh5 Bc6 26. Qe2 Qg5 27. Red1 h5 28. Rd4 h4 29. Rxc4 dxc4 30. Qxc4 hxg3 31. hxg3 Qxe5 32. Qd4 Qf5 33. Rd3 Qh3 34. Ne4 Bxe4 0-1

[Event "NCA-chT 1st Stage"]
[Site "Managua"]
[Date "2021.10.03"]
[Round "6.2"]
[White "Alvarez Gutierrez, Patricia"]
[Black "Fonseca Trana, Norlan Antonio"]
[Result "0-1"]
[WhiteElo "1645"]
[BlackElo "1396"]
[PlyCount "70"]
[EventDate "2021.09.25"]
[EventType "team-swiss"]
[EventRounds "9"]
[EventCountry "NCA"]
[SourceTitle "EXT 2023"]
[Source "ChessBase"]
[SourceDate "2022.10.05"]
[SourceVersion "1"]
[SourceVersionDate "2022.10.05"]
[SourceQuality "1"]
[WhiteTeam "UNI Femenino (W)"]
[BlackTeam "Centro America"]
[WhiteTeamCountry "NCA"]
[BlackTeamCountry "NCA"]

1. d4 e6 2. Bf4 d5 3. e3 c5 4. c3 Nc6 5. Nd2 Nf6 6. Bd3 Bd6 7. Bxd6 Qxd6 8. f4 cxd4 9. cxd4 0-0 10. a3 a6 11. Ngf3 h6 12. 0-0 Bd7 13. Ne5 Rac8 14. b4 Ne7 15. Qf3 Rc3 16. g4 Bb5 17. Bxb5 axb5 18. g5 Ne4 19. Nxe4 dxe4 20. Qxe4 hxg5 21. fxg5 Nf5 22. Rf3 Qc7 23. Raf1 Rc1 24. Rh3 Rxf1+ 25. Kxf1 Qc1+ 26. Kf2 Rc8 27. Ng4 Rc2+ 28. Kf3 Qf1+ 29. Nf2 Qxf2+ 30. Kg4 Qe2+ 31. Kf4 Qc4 32. Qxb7 Rf2+ 33. Ke5 Ne7 34. Qb8+ Qc8 35. Qxb5 Rf5+ 0-1

[Event "NCA-ch U20"]
[Site "Managua"]
[Date "2021.06.27"]
[Round "4"]
[White "Almanza Romero, Alfonso Maria"]
[Black "Alvarez Gutierrez, Patricia"]
[Result "0-1"]
[WhiteElo "1802"]
[BlackElo "1637"]
[PlyCount "72"]
[EventDate "2021.06.26"]
[EventType "swiss"]
[EventRounds "9"]
[EventCountry "NCA"]
[SourceTitle "EXT 2022"]
[Source "ChessBase"]
[SourceDate "2021.10.06"]
[SourceVersion "1"]
[SourceVersionDate "2021.10.06"]
[SourceQuality "1"]

1. e4 c6 2. Nc3 d5 3. Nf3 Bg4 4. Be2 e6 5. 0-0 Nf6 6. Ne5 Bxe2 7. Qxe2 Nbd7 8. d4 Be7 9. Nxd7 Nxd7 10. Bf4 0-0 11. Rfe1 Re8 12. Rad1 dxe4 13. Nxe4 Qb6 14. c4 Nf6 15. b3 Rad8 16. c5 Qa5 17. Nd6 Bxd6 18. Bxd6 Rd7 19. f4 Red8 20. f5 exf5 21. Qe5 Ne4 22. Rxe4 fxe4 23. Qxe4 Qxa2 24. Re1 h6 25. Qg4 Qd2 26. Re4 Qg5 27. Qe2 Rxd6 28. cxd6 Rxd6 29. Re8+ Kh7 30. h4 Qc1+ 31. Kh2 Qf4+ 32. Kh3 Qxd4 33. Re3 Rf6 34. Qc2+ g6 35. Rg3 Rf1 36. Rg4 Rh1+ 0-1

[Event "NCA-ch (Women) final"]
[Site "Managua"]
[Date "2021.03.27"]
[Round "1"]
[White "Martinez Gutierrez, Camila Renata"]
[Black "Alvarez Gutierrez, Patricia"]
[Result "0-1"]
[WhiteElo "1208"]
[BlackElo "1614"]
[PlyCount "96"]
[EventDate "2021.03.27"]
[EventType "tourn"]
[EventRounds "9"]
[EventCountry "NCA"]
[SourceTitle "EXT 2022"]
[Source "ChessBase"]
[SourceDate "2021.10.06"]
[SourceVersion "1"]
[SourceVersionDate "2021.10.06"]
[SourceQuality "1"]

1. d4 d5 2. Nf3 c6 3. Bf4 Qb6 4. b3 Nf6 5. e3 Bf5 6. Be2 e6 7. Ne5 Ne4 8. 0-0 Be7 9. f3 Nd6 10. c4 c5 11. Nc3 f6 12. dxc5 Qxc5 13. Nd3 Bxd3 14. Qxd3 dxc4 15. bxc4 0-0 16. Na4 Qc6 17. Bd1 Qxc4 18. Qxc4 Nxc4 19. Bb3 b5 20. Nc3 a6 21. a4 Kf7 22. axb5 Nd2 23. Bxe6+ Kxe6 24. Rfd1 Nc4 25. Bxb8 Rfxb8 26. bxa6 Rb6 27. a7 Rb7 28. Ra6+ Kf7 29. Rda1 Bc5 30. Kf2 Bxe3+ 31. Kg3 Raxa7 32. Rxa7 Rxa7 33. Rxa7+ Bxa7 34. Nb5 Bc5 35. h4 Nd6 36. Nc3 h5 37. Kh3 Nf5 38. Ne4 Bb4 39. g4 Nd4 40. f4 hxg4+ 41. Kxg4 f5+ 42. Kg5 fxe4 43. h5 e3 44. h6 gxh6+ 45. Kxh6 e2 46. Kg5 e1Q 47. f5 Qg3+ 48. Kh6 Bd2+ 0-1